header

Social psychology in Christian perspective : (Record no. 87476)

MARC details
000 -LEADER
fixed length control field 01788nam a2200409 i 4500
001 - CONTROL NUMBER
control field ebr10825716
003 - CONTROL NUMBER IDENTIFIER
control field CaPaEBR
006 - FIXED-LENGTH DATA ELEMENTS--ADDITIONAL MATERIAL CHARACTERISTICS--GENERAL INFORMATION
fixed length control field m o d
007 - PHYSICAL DESCRIPTION FIXED FIELD--GENERAL INFORMATION
fixed length control field cr cn|||||||||
008 - FIXED-LENGTH DATA ELEMENTS--GENERAL INFORMATION
fixed length control field 140115s2012 ilua ob 000 0 eng d
020 ## - INTERNATIONAL STANDARD BOOK NUMBER
Cancelled/invalid ISBN 9780830839889
International Standard Book Number 9780830866410 (e-book)
040 ## - CATALOGING SOURCE
Original cataloging agency CaPaEBR
Language of cataloging eng
Description conventions rda
-- pn
Transcribing agency CaPaEBR
035 ## - SYSTEM CONTROL NUMBER
System control number (OCoLC)882717971
050 14 - LIBRARY OF CONGRESS CALL NUMBER
Classification number BR110
Item number .S233 2012eb
082 04 - DEWEY DECIMAL CLASSIFICATION NUMBER
Classification number 302
Edition number 23
100 1# - MAIN ENTRY--PERSONAL NAME
Personal name Sabates, Angela M.,
Dates associated with a name 1962-
245 10 - TITLE STATEMENT
Title Social psychology in Christian perspective :
Remainder of title exploring the human condition /
Statement of responsibility, etc Angela M. Sabates ; cover design, Cindy Kiple.
264 #1 - PRODUCTION, PUBLICATION, DISTRIBUTION, MANUFACTURE, AND COPYRIGHT NOTICE
Place of production, publication, distribution, manufacture Downers Grove, Illinois :
Name of producer, publisher, distributor, manufacturer IVP Academic,
Date of production, publication, distribution, manufacture, or copyright notice 2012.
Date of production, publication, distribution, manufacture, or copyright notice �2012
300 ## - PHYSICAL DESCRIPTION
Extent 1 online resource (567 pages) :
Other physical details illustrations
336 ## - CONTENT TYPE
Content type term text
Source rdacontent
337 ## - MEDIA TYPE
Media type term computer
Source rdamedia
338 ## - CARRIER TYPE
Carrier type term online resource
Source rdacarrier
504 ## - BIBLIOGRAPHY, ETC. NOTE
Bibliography, etc Includes bibliographical references.
588 ## - SOURCE OF DESCRIPTION NOTE
Source of description note Description based on print version record.
590 ## - LOCAL NOTE (RLIN)
Local note Electronic reproduction. Palo Alto, Calif. : ebrary, 2014. Available via World Wide Web. Access may be limited to ebrary affiliated libraries.
650 #0 - SUBJECT ADDED ENTRY--TOPICAL TERM
Topical term or geographic name as entry element Christianity
General subdivision Psychology
Form subdivision Textbooks.
Topical term or geographic name as entry element Social psychology
Form subdivision Textbooks.
Topical term or geographic name as entry element Psychology and religion
Form subdivision Textbooks.
Topical term or geographic name as entry element Psychology
General subdivision Philosophy
Form subdivision Textbooks.
655 #0 - INDEX TERM--GENRE/FORM
Genre/form data or focus term Electronic books.
700 1# - ADDED ENTRY--PERSONAL NAME
Personal name Kiple, Cindy.
776 08 - ADDITIONAL PHYSICAL FORM ENTRY
Display text Print version:
Main entry heading Sabates, Angela M., 1962-
Title Social psychology in Christian perspective : exploring the human condition.
Place, publisher, and date of publication Downers Grove, Illinois: IVP Academic, c2012
Physical description 567 pages
International Standard Book Number 9780830839889
Record control number 2012038555
797 2# - LOCAL ADDED ENTRY--CORPORATE NAME (RLIN)
Corporate name or jurisdiction name as entry element ebrary.
856 40 - ELECTRONIC LOCATION AND ACCESS
Uniform Resource Identifier <a href="http://site.ebrary.com/lib/rucke/Doc?id=10825716">http://site.ebrary.com/lib/rucke/Doc?id=10825716</a>
Public note An electronic book accessible through the World Wide Web; click to view

No items available.

© 2026 Rongo University
Contact us: librarian | system librarian | Rongo university